Мисли като дете, действай като възрастен (Запис номер 206189)
[ съкратено ]
| 000 -Лидер | |
|---|---|
| Контролно поле с фиксирана дължина | 02107nam a2200409 c 4500 |
| 003 - Код на организацията, давaща контролен номер | |
| Контролно поле | BLK |
| 005 - Дата и час на последна редакция | |
| Контролно поле | 20241217132823.0 |
| 008 - Елементи от данни с фиксирана дължина | |
| fixed length control field | 180411b bul|||||r ||||||| ||bul|| |
| 010 ## - Наследен системен номер | |
| LC control number | KNG00215938000 |
| 020 ## - Международен стандартен номер на книга ISBN | |
| Международен стандартен номер на книга ISBN | 978-619-7316-20-9 |
| 040 ## - Източник на каталожния запис | |
| Идентификатор на билиотеката - собственик на записа | BLK |
| 041 ## - Код за език | |
| Код за езика на текст/звукозапис или на отделно заглавие | Български |
| Код за езика КДБФ | Български |
| 072 ## - Код за тематичната категория | |
| 9 (RLIN) | 178259 |
| Код за тематична категория | Н37 |
| Текст | Образование. Педагогика Н |
| 080 ## - УДК | |
| Текстов определител УДК | Възпитание у дома. Семейно възпитание |
| УДК код - определител по УДК | 37.018.1 |
| УДК - код + определител | 37.018.1 |
| 080 ## - УДК | |
| Текстов определител УДК | Педагогическа психология |
| УДК код - определител по УДК | 37.015.3 |
| УДК - код + определител | 37.015.3 |
| 100 1# - Редна дума - Автор | |
| Автор | Маховска, Олга Ивановна |
| Авторска отговорност | първи автор |
| R(LIN) | 94390 |
| 139 ## - Редно поле | |
| Редна дума | Маховска, Олга Ивановна |
| Авторски знак | Мах - М 41 |
| 245 10 - Сведения за заглавието | |
| Заглавие | Мисли като дете, действай като възрастен |
| Подзаглавни данни | 45 реални ситуации през погледа на децата |
| Редно поле (дума) | Олга Маховска ; прев. от рус. Мария Зозикова. |
| 257 ## - Страна на издаване | |
| Страна на създаване/издаване | Русия |
| 260 ## - Област на издателските данни | |
| Година на издаване | 2018 |
| 9 (RLIN) | 220456 |
| Място на издаване, разпространение и проч. | София |
| Име на издателя, разпространителя и проч. | Гнездото |
| 300 ## - Физическа характеристика | |
| Страници | 296 с. |
| Илюстрации и др. | с ил. |
| Размери/Мащаб | 21 см |
| 380 ## - Жанр | |
| Жанр | Обществени науки |
| 500 ## - Общи забележки | |
| Забележка | Ориг. загл. Думай как ребенок, поступай как взрослый. Как научиться понимать своего ребенка / Ольга Маховская. - Съдържа и за авт. - Азб. указ. |
| 650 #0 - Допълнително описание по предмет – тема | |
| 9 (RLIN) | 263959 |
| Основно описание – тема или топоним | Семейно възпитание |
| 650 #0 - Допълнително описание по предмет – тема | |
| 9 (RLIN) | 244538 |
| Основно описание – тема или топоним | Детска и педагогическа психология |
| 659 #7 - Тематичен бюлетин | |
| 9 (RLIN) | 178160 |
| Тематичен бюлетин | Н |
| Тематичен бюлетин - текст | Нови книги |
| 700 ## - Други автори (авторска отговорност) | |
| 9 (RLIN) | 384116 |
| Лично име | Зозикова, Мария Елисеева |
| Автороска отговорност (Описва отношението между автора и произведението) | прев. от рус. |
| 765 ## - Описание на заглавието на оригиналният език | |
| Редна дума на основното описание | Думай как ребенок, поступай как взрослый. Как научиться понимать своего ребенка |
| Поясняваща информация | Маховская, Ольга |
| 852 ## - Местоположение | |
| Форматна сигнатура | Цб 289139 |
| 856 4# - Електронен адрес и достъп | |
| Електронен формат | pdf - файл |
| 856 4# - Електронен адрес и достъп | |
| Електронен формат | pdf - файл |
| 999 ## - СИСТЕМНИ КОНТРОЛНИ НОМЕРА | |
| Koha biblionumber | 206189 |
| Koha biblioitemnumber | 206189 |
| 942 ## - АРТИКУЛИ | |
| Вид на библиотечния материал | Книги |
| Скрит в OPAC | Не |
| Koha issues (borrowed), all copies | 14 |
| Периодичен библиозапис | Да |
| 944 ## - СЪЗДАВАНЕ И РЕДАКЦИЯ на ЗАПИСА | |
| Създаване/Редакция | Създаване |
| Дата на регистрацията/редакция | 11.02.2018 |
| Служител, извършил регистрацията/редакцията | 30530 |
| Статус, дата на статуса | Минев Младен |
| 944 ## - СЪЗДАВАНЕ И РЕДАКЦИЯ на ЗАПИСА | |
| Създаване/Редакция | Редакция |
| Дата на регистрацията/редакция | 20.02.2018 |
| Служител, извършил регистрацията/редакцията | Виолета_Тройчева |
| 999 ## - СИСТЕМНИ КОНТРОЛНИ НОМЕРА | |
| Koha biblioitemnumber | 206189 |
| 999 ## - СИСТЕМНИ КОНТРОЛНИ НОМЕРА | |
| Koha biblioitemnumber | 206189 |
| Код за отписване | Код за изгубен артикул | Източник на класификационната схема | Код за повреда | Коз за рестрикции | Код за отдаване | Артикулен № | Име на библиотеката - собственик | Име на библиотеката, в която се намира в момента | Статус (Текущо местоположение) | Дата на вписване в системата | Местоположение - отдел | Цена в лева | Инвентарен номер | Систематично азбучна сигнатура | Баркод | Номер на екземпляра | Цена в евро | Служебна бележка | Служебен тип на артикула |
|---|---|---|---|---|---|---|---|---|---|---|---|---|---|---|---|---|---|---|---|
| Не е изгубен | Universal Decimal Classification | Не е повреден | без рестрикции | заемане за дома | 354580 | Регионална библиотека "Любен Каравелов" Русе | Регионална библиотека "Любен Каравелов" Русе | Заемна - подръчен фонд | 2018-02-08 | Заемна - подръчен фонд | 11.21 | 120000819725 | П 37.018/М 41 | 120000819725 | 1 | 5.73 | Дост: Pk Вид: Ф N: 939 Дата: 07.02.2018 Дата инв: 21.02.2018 Бележки инв: П2018 | Книги | |
| Не е изгубен | Universal Decimal Classification | Не е повреден | само за читалня | ползва се в читалня | 798668 | Регионална библиотека "Любен Каравелов" Русе | Регионална библиотека "Любен Каравелов" Русе | Хранилище | 2020-09-14 | Хранилище | 14.95 | Цб 303452 | 120000845973 | 7.64 | Книги |